| 000 | 00325cam a22001217a 4500 | ||
|---|---|---|---|
| 008 | 180718b1990 xxu||||| |||| 00| 0 eng d | ||
| 020 | _a929078010x | ||
| 082 | _aQ8 Un13es | ||
| 245 |
_aEssays on crime and development _cedited by Ugljesa Zvekic |
||
| 260 |
_aRome _bUNICRI _c1990 |
||
| 300 | _a377p. | ||
| 700 | _aZvekic, Ugljesa | ||
| 999 |
_c495616 _d495616 |
||